1683 1954 1834 1621 1230 1730 1893 1432 1919 1290 1400 1818 1880 1378 1307 1032 1493 1692 1241 1396 1127 1744 1107 1576 1940 1750 1801 1505 1154 1881 1302 1451 1899 1121 1456 1611 1643 1603 1530 1776 1045 1811 1093 1525 1198 1709 1318 1295 1303 1357 1934 1342 1322 1326 1124 1322 1627 1015 1448 1969 1947 1146 1838 1483 1858 1900 1808 1366 1187 1983 1794 1481 1437 1142 1037 1532 1788 1250 1120 1767 1573 1769 1909 1510 1828 1407 1798 1043 1385 1120 1295 1407 1332 1709 1391 1431 1142 1344 1335 BCNSPRNW ULIB Ver.6.0+V

เปลี่ยนเป็นภาษาไทย

Change to English
 แสดงรายละเอียดบรรณานุกรม
  กลับหน้าหลัก

Brief Record : Get Marc (ISO 2709) : E-mail record : QR code < ปิดหน้าต่าง
LEADER : 00000nam 2200000uu 4500
001    13399125305
003     ULIB
008    170405s2559||||th 000 0 tha d
020    ^a9786167902555
060 04 ^aWA31^bธ199ส
100 0  ^aธนัช กนกเทศ
245 10 ^aสังคมวิทยาสาธารณสุข =^bSociology of public health /^cธนัชกนกเทศ
246 31 ^aSociology of public health
250    ^aพิมพ์ครั้งที่ 1
260    ^aพิษณุโลก :^bมหาวิทยาลัยนเรศวร,^c2559
300    ^a415 หน้า ;^c26 ซม.
500    ^aอนามัยชุมชน
504    ^aมีบรรณานุกรมและดัชนี
505 0  ^a1.กระบวนทัศน์ทางเลือกในระบบสุขภาพในมิติสังคมวิทยา--2.แนวคิดและทฤษฎีหลัก ทางสังคมวิทยาการสาธารณสุข--3.แนวคิดทฤษฎี ร่วมสมัยทางสังคมวิทยาการสาธารณสุข--4.การวิเคราะห์ชุมชนโดยใช้วิธีวิทยาทางสังคมวิทยการสาธารณสุข ในระบบสุขภาพไทย--5.สุขภาพทางเลือกของประชาชนในระบบสุขภาพไทย--6.ความหลากหลายของสุขภาวะในสังคมวิทยาสาธารณสุข--7.บทสรุปและการสังเคราะห์
650  4 ^aการแพทย์กับสังคม
650  4 ^aสุขภาพ
650  4 ^aสังคมวิทยาการแพทย์
650  4 ^aสาธารณสุข
650  0 ^aอนามัยชุมชน
945    ^p0^l0^i001864
945    ^p0^l0^i001863
999    ^aวรรณษา ชูชัยมงคล
รายการนี้ยังไม่มีแท็ก
คุณยังไม่ได้ล็อกอิน คุณสามารถมีกิจกรรมร่วมกับเว็บไซต์ได้ แต่ต้องล็อกอินก่อน ::
  ล็อกอิน

รายการสื่อสารสนเทศ

ลำดับที่ ประเภท เลขเรียก/บาร์โค้ด สถานที่ สถานะ
1. วิทยาศาสตร์การแพทย์ และสุขภาพ
วิทยาศาสตร์การแพทย์ และสุขภาพ
สถานะ=หนังสือเก่า
WA31 ธ199ส ฉ.1 
  Barcode: 001863
ห้องสมุดวิทยาเขตสวรรค์ประชารักษ์
►ส่วนจัดเก็บหนังสือเก่า สปร
บนชั้น
  ขอยืม
2. วิทยาศาสตร์การแพทย์ และสุขภาพ
วิทยาศาสตร์การแพทย์ และสุขภาพ
สถานะ=หนังสือเก่า
WA31 ธ199ส ฉ.2 
  Barcode: 001864
ห้องสมุดวิทยาเขตสวรรค์ประชารักษ์
►ส่วนจัดเก็บหนังสือเก่า สปร
บนชั้น
  ขอยืม

รายการใกล้เคียง
    ผู้แต่ง [ธนัช กนกเทศ]

    หัวเรื่อง [การแพทย์กับสังคม]
    หัวเรื่อง [สุขภาพ]
    หัวเรื่อง [สังคมวิทยาการแพทย์]
    หัวเรื่อง [สาธารณสุข]
    หัวเรื่อง [อนามัยชุมชน]

BibComment


ยังไม่เคยถูกคอมเมนท์

คอมเมนท์ทรัพยากรรายการนี้
  คอมเมนท์: สังคมวิทยาสาธารณ..


 Copyright 2026. Bcnsprnw @Library